000 00450nam a2200181Ia 4500
008 151202s9999||||xx |||||||||||||| ||und||
082 _bPNVM-15980
100 _aHASLETT A. W.
245 _aSCIENCE IN TRANSITION.
260 _b"ALLEN & UNWIN, LONDON."
260 _c0
300 _a252
600 _aHASLETT A. W.
630 _aSCIENCE IN TRANSITION.
700 _aHASLETT A. W.
730 _aSCIENCE IN TRANSITION.
942 _cBOOK
999 _c1281965
_d1281962